Les 10 meilleurs ailiers gauches ALL TIME - Statistiques

Statistiques générales
  • Ce quiz a été pris 214 fois
  • Le résultat moyen est 4 sur 10
Statistiques - réponses
Joueurs % Correct
1. Ronaldo
98%
4. Neymar
83%
2. Ronaldinho
69%
6. Mbappé
57%
3. Henry
48%
5. Ribery
44%
9. Giggs
17%
10. Pires
14%
7. Stoichkov
2%
8. Weah
2%
Aucun quiz correspondant
Distribution des résultats
% des personnes avec chaque résultat
Percentile par nombre de réponses
Votre historique - résultats
Vous n’avez pas pris ce quiz